Normal view
MARC view
- هيكمان ، واخرون ؛ ترجمة ماهر خليفة ؛ مراجعة عبدالحميد حمدي
Entry Personal Name
001 - CONTROL NUMBER
- control field: 9896
003 - CONTROL NUMBER IDENTIFIER
- control field: JO-AjAnu
005 - DATE AND TIME OF LATEST TRANSACTION
- control field: 20230606071906.0
008 - FIXED-LENGTH DATA ELEMENTS
- fixed length control field: 230606|| aca||aabn | a|a d
040 ## - CATALOGING SOURCE
- Original cataloging agency: JO-AjAnu
- Transcribing agency: JO-AjAnu
100 ## - HEADING--PERSONAL NAME
- Personal name: هيكمان ، واخرون ؛ ترجمة ماهر خليفة ؛ مراجعة عبدالحميد حمدي
670 ## - SOURCE DATA FOUND
- Source citation: Work cat.: (JO-AjAnu)5100: هيكمان ، واخرون ؛ ترجمة ماهر خليفة ؛ مراجعة عبدالحميد حمدي , author, الاساسيات المتكاملة لعلم الحيوان ج4